00593nam a2200217Ia 4500008004100000020001800041050001500059100001700074245001600091245002000107260001500127260001600142260000900158300001600167300002000183300001000203300002600213500000900239999001900248952010800267170918s9999 xx 000 0 und d a9781419713484 bK558d 2014 aKinney, Jeff aHard luck / cby Jeff Kinney. aNew York : bScholastic, c2014 a217 pages : billustrations : c20cm. eDiary of a wimpy kid. a1020 c344158d344158 001040aSSISMbSSISMd2017-09-18l0oGS FIC K558d 2014pSSISM3230r2017-09-18 00:00:00w2017-09-18yBK